| 000 | 00563nam a22002057a 4500 | ||
|---|---|---|---|
| 005 | 20171218113450.0 | ||
| 008 | 171218b xxu||||| |||| 00| 0 spa d | ||
| 041 | _aspa | ||
| 082 | _a972.860.1 Ch512e | ||
| 100 |
_aChavarría Jiménez, Sandra _945210 |
||
| 245 | _aLas estructuras de dominación en Costa Rica: de la época colonial a los albores | ||
| 260 | _aCosta Rica | ||
| 260 | _bEUNED | ||
| 260 | _c1991 | ||
| 300 | _a100 páginas | ||
| 650 |
_aCOSTA RICA _945211 |
||
| 650 |
_aHISTORIA _943 |
||
| 650 |
_aCOLONIA 1535-1821 _928967 |
||
| 942 | _cBK | ||
| 999 |
_c10203 _d10203 |
||